MLB Baseball Nicknames -Sudden Death - Statistics

General Stats
  • This quiz has been taken 237 times
  • The average score is 4 of 17
Answers on the Grid
Answers color-coded by a green-red scale on the quiz's grid according to % correct below.
The Wild Hoss of the Osage
The Truth
Big Six
Big Sexy
The Big Train
The Big Deisel
Snap Dragon
Beast Mode
The Splendid Splinter
TB12
Death to Flying Things
Sweetness
Mamba
Big Mac
Filet 'o Fish
The Secretary of Defense
The Minister of Defense
Kung Fu Panda
Pinocchio
Dr. Sticks
Dr. Detroit
Double Duty
Let's Play Two
The MC
The Commerce Comet
The Jackal
Mr. October
The Mad Hungarian
Siberian Rocket
Toy Cannon
 
Answer Stats
Answer % Correct
Mr. October
60%
Big Sexy
51%
The Big Train
40%
Big Mac
34%
Kung Fu Panda
34%
The Splendid Splinter
34%
The Commerce Comet
28%
The Wild Hoss of the Osage
28%
Let's Play Two
19%
The Mad Hungarian
16%
Toy Cannon
12%
Snap Dragon
10%
The Secretary of Defense
10%
Big Six
8%
Double Duty
8%
Dr. Sticks
8%
Death to Flying Things
5%
No matching quizzes found
Score Distribution
Percent of People with Each Score
Percentile by Number Answered
Your Score History
You have not taken this quiz